General viden #1 - Statistics

General Stats
  • This quiz has been taken 248 times
  • The average score is 10 of 15
Answer Stats
Spørgsmål Svar % Correct
Hvor gammel skal man være for lovligt at køre bil på egen hånd i Danmark? 18
99%
Hvad hedder den danske forfatter der har skrevet bl.a. "Den grimme ælling"? H.C. Andersen
99%
Hvad er det sidste bogstav i det danske alfabet? Å
98%
Hvad hedder den danske hovedstad? København
98%
Hvad hedder det kente legetøjs firma der har hovedsæde i Billund? LEGO
91%
Hvor mange byer er der med navnet Nykøbing, i Danmark? 3
87%
Hvad hedder den forlystelsespark der ligger i hjertet af København? Tivoli
86%
Hvilket sodavandsfirma har sin fabrik i Faxe? Faxe Kondi
77%
Hvornår blev Danmark besat af Tyskerne under Anden Verdenskrig? 9. April 1940
76%
Hvad hedder Danmarks regent? Dronning Magrethe
75%
Hvor mange kommuner er der i Danmark? 98
60%
Hvilke lande har Det Danske Kongerige styre over? (ekskl. Danmark) Færøerne og Grønland
46%
Hvad hedder den populære danske krimi serie, der handler om en politibetjent fra Helsingør? Sommerdahl
24%
Hvem ejer de danske jernbaner? Bane Danmark
22%
Hvad er Danmarks national fugle? Lærken og Svanen
3%
No matching quizzes found
Score Distribution
Percent of People with Each Score
Percentile by Number Answered
Your Score History
You have not taken this quiz